000 00739nam a2200229Ia 4500
001 17014
003 GE_BSU
008 181216s||||||||xx |||||||||||||| ||und||
040 _cGE_BSU
080 _a821.161.1-32
100 _aკატაევი, ვალენტინ
245 _aპოლკის შვილობილი
245 _bმოთხრობა
245 _cთარგმნა რუსულიდან ს. ხუციშვილისა
260 _aთბილისი
260 _bსაბლიტგამი
260 _c1948
300 _a183 გვ. ; 21 სმ
653 _aმოთხრობა
653 _aპოლკის შვილობილი
942 _cBK
999 _c50076
_d50076